| 000 | 00895cam a2200241 a 4500 | ||
|---|---|---|---|
| 001 | 000019809 | ||
| 005 | 20200929170140.0 | ||
| 008 | 840411s1962 sp 001 f spa d | ||
| 040 |
_aDO-SdBNP _bspa _cLC _dBNPHU |
||
| 082 |
_a863.6 _bR759s |
||
| 100 | 1 |
_aRomanones, Álvaro Figueroa y Torres, _cconde de, _d1863-1950 _941974 |
|
| 245 | 1 | 0 |
_aSalamanca : _bconquistador de riqueza, gran señor / _cConde de Romanones. |
| 260 |
_aMadrid : _bEspasa-Calpe, _c1962. |
||
| 300 |
_a153, [16] p. ; _c18 cm. |
||
| 490 | 1 |
_aAustral. Anaranjada: biografías y vidas novelescas _v1316 |
|
| 650 | 4 |
_aNovela española _91123 |
|
| 650 | 4 |
_aLiteratura española _9632 |
|
| 600 | 1 | 0 |
_aSALAMANCA, JOSÉ DE SALAMANCA Y MAYOL, _cMARQUÉS DE, _d1811-1883 _942287 |
| 830 | 0 |
_aAustral. _pAnaranjada: biografías y vidas novelescas; _v1316 _93058 |
|
| 910 | _aCatalogación derivada / LC | ||
| 910 | _aWM | ||
| 049 | _aBNGR | ||
| 999 |
_c19322 _d19322 |
||